|
|
|
|
| LEADER |
00000nam0a2200000 4500 |
| 001 |
287006 |
| 005 |
20231101235940.0 |
| 020 |
|
|
|a RU
|b 83-69432
|
| 035 |
|
|
|a (RuTPU)RU\TPU\book\311375
|
| 090 |
|
|
|a 287006
|
| 100 |
|
|
|a 20150311d1983 m y0rusy5003 ca
|
| 101 |
0 |
|
|a rus
|
| 102 |
|
|
|a RU
|
| 105 |
|
|
|a a z 000zb
|
| 200 |
1 |
|
|a Слово о сыне
|f А. Т. Гагарина
|
| 210 |
|
|
|a Москва
|c Молодая гвардия
|d 1983
|
| 215 |
|
|
|a 160 с.
|c ил.
|
| 600 |
|
1 |
|a Гагарин
|b Ю. А.
|c российский летчик-космонавт
|c Герой Советского Союза
|f 1934-1968
|g Юрий Алексеевич
|2 stltpush
|3 (RuTPU)RU\TPU\pers\50
|9 33
|
| 606 |
1 |
|
|a Летчики-космонавты
|y СССР
|2 stltpush
|3 (RuTPU)RU\TPU\subj\40150
|9 60020
|
| 610 |
1 |
|
|a космонавтика
|
| 610 |
1 |
|
|a история
|
| 610 |
1 |
|
|a 20 век
|
| 610 |
1 |
|
|a биографии
|
| 675 |
|
|
|a 629.78(092)
|v 3
|
| 700 |
|
1 |
|a Гагарина
|b А. Т.
|g Анна Тимофеевна
|
| 801 |
|
0 |
|a RU
|b RuMRKP
|c 19950704
|g psbo
|
| 801 |
|
1 |
|a RU
|b 63413507
|c 20150311
|
| 801 |
|
2 |
|a RU
|b 63413507
|c 20161024
|g RCR
|
| 942 |
|
|
|c BK
|